000 00818nmm a2200253 a 4500
001 ocm0001221805
003 TR-IsHL
005 20201028154756.0
008 131219s2011 tu tur
007 cr cn
035 _a1221805
_b(N$T)
050 0 4 _aPL248.D64
_bC43 2011
090 0 4 _aPL248.D64
_bC43 2011
100 1 _aDoğan, Yeşim Kınay
245 1 0 _aChanda: güneşle kırıştıran
_h[electronic resource] /
_cYeşim Kınay Doğan
260 _aİstanbul :
_bSiyah Beyaz,
_c2011
300 _a253 p.
650 4 _aDil ve Edebiyat
650 4 _aLanguage and Literature
650 0 _aTürk romanı
650 0 _aTurkish fiction
650 7 _aLITERARY COLLECTIONS / Middle Eastern
_2bisacsh
856 4 0 _uhttp://search.ebscohost.com/login.aspx?direct=true&scope=site&db=e011xww&AN=1221805
999 _c12749
_d12749